| 000 | 00827nam a2200253 i 4500 | ||
|---|---|---|---|
| 001 | 9665 | ||
| 003 | ES-MaACL | ||
| 005 | 20250430203722.0 | ||
| 007 | t| | ||
| 008 | 931119s1990 sp ||||1| spa d | ||
| 020 | _a84-7517-296-2 | ||
| 080 | _a86-14"19" | ||
| 080 | _a86(Egea, J.7 R.01) | ||
| 100 | 0 |
_aEgea, Javier, _d1952-1999 _946704 |
|
| 245 | 1 | 0 |
_aRaro de luna / _cJavier Egea ; prólogo de Antonio Jiménez Millán ; con diez dibujos de Rafael Alberti. |
| 260 |
_aMadrid : _bHiperión, _cD.L. 1990. |
||
| 300 |
_a73 p. : _bil. ; _c20 cm. |
||
| 490 | 1 |
_aPoesía Hiperión ; _v173 |
|
| 700 | 1 |
_aJiménez Millán, Antonio. _966564 |
|
| 700 | 1 |
_aAlberti, Rafael, _d1902-1999 _9240174 |
|
| 830 | 0 |
_aPoesía Hiperión ; _v173 _9177326 |
|
| 852 |
_aES-MaACL _jL-17049 _bR.120561 |
||
| 999 |
_c9665 _d9665 |
||